Propuesta de Plan de Mejora para sistema de Mantenimiento preventivo a los Equipos de transporte de carga pesada en empresa comercializadora de Maní S.A. COMASA

Presenta propuesta de Plan de Mejora para sistema de Mantenimiento preventivo a los Equipos de transporte de carga pesada en empresa comercializadora de Maní S.A. COMASA en el cual se realizó un estudio de la situación actual así como el establecimiento de indicadores de mantenimiento a impleme...

Full description

Bibliographic Details
Main Authors: Moreno Aguilera, Alfredo Francisco, Cardoza Picado, Yader José., Zapata Hernández, Néstor Gamaliel
Other Authors: Tutor: Gutiérrez Mendoza, Mary Triny
Format: Tesis Section = Libro
Language:Undetermined
Spanish
Published: Managua UNI 2017
Subjects:
LEADER 01269nam a2200265Ia 4500
008 240830s9999 xx 000 0 und d
040 |a BIBLIOTECA-RUPAP Mon 658.503 M843 
041 |a spa 
082 |a Mon 658.503 M843 
100 1 |a Moreno Aguilera, Alfredo Francisco 
100 1 |b Cardoza Picado, Yader José. 
100 1 |c Zapata Hernández, Néstor Gamaliel 
245 1 0 |a Propuesta de Plan de Mejora para sistema de Mantenimiento preventivo a los Equipos de transporte de carga pesada en empresa comercializadora de Maní S.A. COMASA 
260 |a Managua  |b UNI  |c 2017 
300 |a 97 p. :il. 
500 |a Contiene anexos y CD 
502 |a Tesis (Ingeniero Industrial)- UNI, 2017. 
520 3 |a Presenta propuesta de Plan de Mejora para sistema de Mantenimiento preventivo a los Equipos de transporte de carga pesada en empresa comercializadora de Maní S.A. COMASA en el cual se realizó un estudio de la situación actual así como el establecimiento de indicadores de mantenimiento a implementar. 
650 7 |a EQUIPOS DE TRANSPORTE DE CARGA - MANTENIMIENTO Y REPARACION 
650 7 |b PLAN ESTRATEGICO 
650 7 |c MANI - COMERCIALIZADORA. 
700 1 |a Tutor:  |b Gutiérrez Mendoza, Mary Triny 
942 |c BK  |2 ddc 
991 |a TESIS 
999 |c 17467